00610cam a22001574a 4500020003500000040000800035082002600043100002500069245009600094260004300190300003300233490005000266650001000316856005800326856006800384 a1559631104 (pbk. : alk. paper) cDLC00a625 ISL 2003 A040 Or.1 aSchneider, Krista L.14aThe Paris-Lexington road :bcommunity-based planning and context sensitive highway design / aWashington, DC :bIsland Press,c2003. a91 p. :bcol. ill. :c26 cm.1 aLand and community design case study series ; 0aRoads41uhttp://www.loc.gov/catdir/toc/ecip042/2003007799.html42uhttp://www.loc.gov/catdir/enhancements/fy0631/2003007799-d.html